[Event "POLFINAL MISTRZOSTW POLSKI JUNIOROW 2016 - D11"]
[Site "Centrum Kongresow i Rekreacji Orle Gniazdo ul. Wrzosowa 28a, Szczyrk"]
[Date "1899-12-30"]
[Round "4.2"]
[White "Kieca, Aleksandra"]
[Black "Kulpa, Karolina"]
[Result "1-0"]
[WhiteTitle "II+"]
[BlackTitle "II+"]
[WhiteElo "1216"]
[BlackElo "1148"]

1. c4 e5 2. d3 Nf6 3. Nf3 Nc6 4. a3 d5 5. cxd5 Nxd5 6. g3 Be7 7. Bg2 O-O 8. O-O
Bg4 9. Nbd2 Re8 10. Re1 Nb6 11. Qc2 Qd7 12. b4 a6 13. Bb2 Bf8 14. Rad1 Kh8 15.
Nc4 Bxf3 16. Bxf3 Rac8 17. Bg2 f5 18. Na5 Nxa5 19. bxa5 Na4 20. Ba1 Nc5 21. d4
exd4 22. Bxd4 Ne4 23. Bh3 Qf7 24. f3 Nd6 25. Bc5 Re5 26. Bxd6 Bxd6 27. Rxd6 Rxa5
28. Qd2 cxd6 29. Qxa5 g6 30. Qb6 Qf8 31. Qxb7 Ra8 32. Bg2 Qe8 33. Kf1 Qd8 34.
f4 Rc8 35. Qxa6 Qf8 36. a4 Rc5 37. Rd1 Qe8 38. Qxd6 Rc8 39. Qe5+ 1-0

[Event "POLFINAL MISTRZOSTW POLSKI JUNIOROW 2016 - D11"]
[Site "Centrum Kongresow i Rekreacji Orle Gniazdo ul. Wrzosowa 28a, Szczyrk"]
[Date "1899-12-30"]
[Round "4.3"]
[White "Gaczol, Julia"]
[Black "Wichura, Sara"]
[Result "1-0"]
[WhiteTitle "II"]
[BlackTitle "II"]
[WhiteElo "1037"]
[BlackElo "1113"]

1. e4 c5 2. Nf3 Nc6 3. d4 cxd4 4. Nxd4 Nf6 5. Nc3 e6 6. f3 Bc5 7. Nxc6 bxc6 8.
Bd3 Qc7 9. Qe2 Qb6 10. a3 Bd4 11. Qd2 Qa5 12. Ne2 Qxd2+ 13. Kxd2 Rb8 14. Nxd4
e5 15. Ne2 d5 16. exd5 cxd5 17. Nc3 d4 18. Ne4 Nxe4+ 19. Bxe4 f5 20. Bd3 g6 21.
Re1 Kd7 22. Rxe5 Kd6 23. Rb5 Rxb5 24. Bxb5 a6 25. Bc4 Re8 26. Kd3 Re1 27. Kxd4
Rh1 28. Bf4+ Kc6 29. Rxh1 1-0

[Event "POLFINAL MISTRZOSTW POLSKI JUNIOROW 2016 - D11"]
[Site "Centrum Kongresow i Rekreacji Orle Gniazdo ul. Wrzosowa 28a, Szczyrk"]
[Date "1899-12-30"]
[Round "4.5"]
[White "Zubrycka, Marta"]
[Black "Reszka, Zofia"]
[Result "0-1"]
[WhiteTitle "II"]
[BlackTitle "I"]
[WhiteElo "1108"]
[BlackElo "1120"]

1. e4 c5 2. Nf3 e6 3. d4 cxd4 4. Nxd4 a6 5. a3 Qc7 6. Nc3 b5 7. Be2 Bb7 8. Nb3
Nf6 9. f3 Be7 10. O-O O-O 11. Be3 Nc6 12. f4 d6 13. Nd2 Rfd8 14. Nf3 Rac8 15.
Qe1 Ng4 16. Bd2 Qb6+ 17. Kh1 Nf6 18. Qg3 Na5 19. Bd3 Nc4 20. Rab1 Nxd2 21. Nxd2
Qc6 22. Rf2 Re8 23. Qh3 h6 24. Rf3 e5 25. f5 Qd7 26. Rg3 Kh8 27. Nf3 Nh7 28. Rf1
Bf6 29. Qh5 Qe7 30. h4 Rg8 31. Qg4 Rc7 32. a4 b4 33. Nd5 Bxd5 34. exd5 a5 35.
Re1 Rc5 36. Bc4 Re8 37. Nd4 Rxc4 38. Nc6 Rxg4 39. Nxe7 Rxg3 40. Nc6 Bxh4 41. Rf1
Rc8 42. c4 bxc3 43. bxc3 Rxc3 44. Rb1 Ra3 45. Na7 Ra8 46. Nb5 Rxa4 47. Nxd6 Kg8
48. Rb7 Bg3 49. Rb1 Rd8 50. Nb5 Rb4 51. Nc3 Rxb1+ 52. Nxb1 Rc8 53. Nc3 Rxc3 54.
Kg1 Rc1# 0-1

[Event "POLFINAL MISTRZOSTW POLSKI JUNIOROW 2016 - D11"]
[Site "Centrum Kongresow i Rekreacji Orle Gniazdo ul. Wrzosowa 28a, Szczyrk"]
[Date "1899-12-30"]
[Round "4.6"]
[White "Czerwinska, Oliwia"]
[Black "Scisla, Oliwia"]
[Result "1/2-1/2"]
[WhiteTitle "II+"]
[BlackTitle "I"]
[WhiteElo "1067"]
[BlackElo "1066"]

1. e4 c6 2. d4 d5 3. exd5 cxd5 4. Nc3 Nc6 5. Nf3 Bg4 6. Be2 Nf6 7. h3 Bxf3 8. Bxf3
e6 9. O-O Be7 10. Re1 O-O 11. Be3 Qb6 12. Rb1 Bb4 13. a3 Bxc3 14. bxc3 Qc7 15.
Bg5 Nd7 16. Be2 h6 17. Bd2 Nf6 18. Bd3 Ne7 19. Qf3 Ng6 20. Qg3 Qxg3 21. fxg3 b6
22. Bxg6 fxg6 23. Rxe6 Ne4 24. Be1 Rac8 25. Rb4 Nxc3 26. Bxc3 Rxc3 27. Rb2 Rxg3
28. Rd6 Rxa3 29. Rxd5 h5 30. Rb3 Ra1+ 31. Kh2 h4 32. Rf3 Re8 33. Re5 Rxe5 34.
dxe5 Re1 35. Ra3 a5 36. Rb3 Rxe5 37. Rxb6 Kh7 38. c4 Rc5 39. Rb5 Rxc4 40. Rxa5
Rc3 41. Ra4 g5 42. Rg4 Kh6 43. Ra4 Rg3 44. Ra6+ g6 45. Ra4 Kh5 46. Ra5 Re3 47.
Ra4 Re5 48. Ra3 g4 49. hxg4+ Kxg4 50. Ra4+ Kh5 51. Ra3 g5 52. Rb3 1/2-1/2

[Event "POLFINAL MISTRZOSTW POLSKI JUNIOROW 2016 - D11"]
[Site "Centrum Kongresow i Rekreacji Orle Gniazdo ul. Wrzosowa 28a, Szczyrk"]
[Date "1899-12-30"]
[Round "4.9"]
[White "Bukala, Weronika"]
[Black "Cieslak, Emilia"]
[Result "1-0"]
[WhiteTitle "II+"]
[BlackTitle "II"]
[WhiteElo "1026"]
[BlackElo "1008"]

1. d4 d5 2. c4 e6 3. Nc3 Nf6 4. Nf3 Be7 5. Ne5 O-O 6. Qd3 c5 7. Nb5 a6 8. Nc3 Qd6
9. Qg3 Kh8 10. e3 Nc6 11. Bd3 Nb4 12. Bb1 dxc4 13. O-O cxd4 14. Rd1 d3 15. Qf4
b5 16. Qf3 Ra7 17. Qf4 Bb7 18. a4 bxa4 19. Rxa4 Nbd5 20. Nxd5 Qxd5 21. Nf3 Bd6
22. Qxc4 Qxc4 23. Rxc4 Bxf3 24. gxf3 h6 25. Rxd3 Be7 26. Rh4 Rb8 27. Rh3 Rc7 28.
Rd1 a5 29. e4 e5 30. f4 Nd7 31. Rhd3 Nf6 32. fxe5 Nxe4 33. Rd7 Rbb7 34. Rxc7 Rxc7
35. Bxe4 g5 36. Bd2 Rd7 37. e6 Rc7 38. exf7 Kg7 39. Bxa5 Rc8 40. Rd7 Bc5 41. f8=Q+
Kxf8 42. Rd8+ Rxd8 43. Bxd8 Ke8 44. Ba5 Ke7 45. Kg2 Ke6 46. Bd2 Ke5 47. Bf3 Kd4
48. Be3+ Kc4 49. Bxc5 Kxc5 50. b3 Kb4 51. Bd5 h5 52. Kf3 Kc5 53. Bg8 Kd4 54. Kg3
Kc3 55. h4 gxh4+ 56. Kxh4 Kd3 57. Kxh5 Ke2 58. f4 Ke3 59. Kg5 Ke4 60. b4 Kd4 61.
f5 Ke5 62. b5 Kd6 63. f6 Kc5 64. f7 Kxb5 65. f8=Q Kc6 66. Qd8 Kc5 67. Kf5 Kc6
68. Ke5 Kc5 69. Qd5+ Kb4 70. Qc6 Ka3 71. Qb7 Ka4 72. Kd4 Ka3 73. Kc3 Ka4 74. Qb4#
1-0

[Event "POLFINAL MISTRZOSTW POLSKI JUNIOROW 2016 - D11"]
[Site "Centrum Kongresow i Rekreacji Orle Gniazdo ul. Wrzosowa 28a, Szczyrk"]
[Date "1899-12-30"]
[Round "5.1"]
[White "Karys, Katarzyna"]
[Black "Obrochta, Lena"]
[Result "1/2-1/2"]
[WhiteTitle "II"]
[BlackTitle "II+"]
[WhiteElo "1099"]
[BlackElo "1149"]

1. e4 e5 2. Nf3 d6 3. Nc3 Be7 4. Bc4 c6 5. d4 Nd7 6. Bb3 Ngf6 7. Be3 O-O 8. O-O
b5 9. a3 a6 10. Re1 Qc7 11. Nh4 c5 12. dxc5 dxc5 13. Nf5 Bd8 14. Nd5 Nxd5 15.
Bxd5 Bb7 16. Bxb7 Qxb7 17. Qg4 Bf6 18. Rad1 Nb6 19. Rd6 Nd7 20. Rxf6 g6 21. Rd6
Kh8 22. Bh6 Rfd8 23. Ne7 Qc7 24. Red1 Nb6 25. Rxd8+ Rxd8 26. Rxd8+ Qxd8 27. Nd5
Nxd5 28. exd5 f5 29. Qg5 Qd6 30. h4 b4 31. axb4 cxb4 32. h5 a5 33. hxg6 hxg6 34.
Qh4 Kg8 35. Qc4 Kh7 36. Qc6 Qd8 37. d6 Kxh6 38. d7 Qg5 39. Qc8 Qc1+ 40. Kh2 Qf4+
41. g3 Qxf2+ 42. Kh3 Qf1+ 43. Kh2 Qf2+ 1/2-1/2

[Event "POLFINAL MISTRZOSTW POLSKI JUNIOROW 2016 - D11"]
[Site "Centrum Kongresow i Rekreacji Orle Gniazdo ul. Wrzosowa 28a, Szczyrk"]
[Date "1899-12-30"]
[Round "5.2"]
[White "Szewc, Dobromila"]
[Black "Gaczol, Julia"]
[Result "1-0"]
[WhiteTitle "II"]
[BlackTitle "II"]
[WhiteElo "1116"]
[BlackElo "1037"]

1. e4 c5 2. Nf3 d6 3. d4 cxd4 4. Nxd4 Nf6 5. Nc3 g6 6. Bg5 Bg7 7. Nb3 Nc6 8. f3
Bd7 9. Qd2 O-O 10. O-O-O a6 11. Kb1 b5 12. g4 Qb6 13. Bxf6 Bxf6 14. Nd5 Qb8 15.
Nxf6+ exf6 16. Qxd6 Qxd6 17. Rxd6 Rfd8 18. Rxf6 Be6 19. Bg2 Kg7 20. g5 h6 21.
Nc5 Re8 22. Nxe6+ fxe6 23. h4 a5 24. Rd1 Rad8 25. Kc1 Rxd1+ 26. Kxd1 Nb8 27. Bh3
Rd8+ 28. Ke2 e5 29. Re6 hxg5 30. hxg5 Rh8 31. Bg2 Rc8 32. c3 Rc5 33. Rd6 Kf7 34.
Rd5 Rxd5 35. exd5 Ke7 36. Ke3 Kd6 37. Ke4 Nd7 38. b4 a4 39. Bf1 a3 40. Bxb5 Nf8
41. c4 Nh7 42. f4 exf4 43. Kxf4 1-0

[Event "POLFINAL MISTRZOSTW POLSKI JUNIOROW 2016 - D11"]
[Site "Centrum Kongresow i Rekreacji Orle Gniazdo ul. Wrzosowa 28a, Szczyrk"]
[Date "1899-12-30"]
[Round "5.3"]
[White "Reszka, Zofia"]
[Black "Kieca, Aleksandra"]
[Result "1/2-1/2"]
[WhiteTitle "I"]
[BlackTitle "II+"]
[WhiteElo "1120"]
[BlackElo "1216"]

1. e4 c5 2. Nf3 d6 3. d4 cxd4 4. Nxd4 Nf6 5. Nc3 Nc6 6. f3 e5 7. Nb3 Be6 8. Be3
Be7 9. Qd2 O-O 10. g4 d5 11. exd5 Nxd5 12. O-O-O Nxe3 13. Qxe3 Bg5 14. Rxd8 Bxe3+
15. Rd2 Bxd2+ 16. Nxd2 Rac8 17. h4 Nd4 18. Bd3 Rfd8 19. Re1 f6 20. Re3 Kh8 21.
Be4 b5 22. a3 a5 23. Ne2 Nxe2+ 24. Rxe2 b4 25. axb4 axb4 26. Re3 Bd5 27. Bf5 Ra8
28. Kd1 Ra1+ 29. Ke2 Rh1 30. Rd3 Rh2+ 31. Ke3 Rxh4 32. Be4 h5 33. gxh5 Rxh5 34.
Bxd5 f5 35. Bf7 Rxd3+ 36. Kxd3 Rh4 37. Nc4 e4+ 38. fxe4 fxe4+ 39. Ke3 g5 40. Bd5
Rh2 41. Bxe4 Kg7 42. Nd2 Rh3+ 43. Kf2 Kf6 1/2-1/2

[Event "POLFINAL MISTRZOSTW POLSKI JUNIOROW 2016 - D11"]
[Site "Centrum Kongresow i Rekreacji Orle Gniazdo ul. Wrzosowa 28a, Szczyrk"]
[Date "1899-12-30"]
[Round "5.4"]
[White "Kulpa, Karolina"]
[Black "Najdecka, Sandra"]
[Result "1-0"]
[WhiteTitle "II+"]
[BlackTitle "II"]
[WhiteElo "1148"]
[BlackElo "1123"]

1. d4 d5 2. c4 e6 3. Nc3 Nf6 4. Nf3 Nbd7 5. Bf4 Bb4 6. e3 b6 7. a3 Bxc3+ 8. bxc3
Ba6 9. Qa4 Bb7 10. Ne5 O-O 11. Nc6 Bxc6 12. Qxc6 Rc8 13. Bd3 Nh5 14. Bg3 Re8 15.
cxd5 exd5 16. Qxd5 Nhf6 17. Qf3 Nf8 18. O-O c5 19. Ba6 Ra8 20. Bb7 Rc8 21. Bxc8
Qxc8 22. Rfc1 Ne4 23. Be5 Nd2 24. Qd1 Nc4 25. Bg3 Na5 26. Rab1 Rd8 27. Qe2 Re8
28. Bd6 Ng6 29. dxc5 bxc5 30. Qb5 Nc6 31. Bxc5 Nce5 32. Bxa7 h6 33. Qxe8+ Qxe8
34. Rb8 Qxb8 35. Bxb8 Nc4 36. Ra1 Nd2 37. Bd6 Ne4 38. Bb4 Ne5 39. a4 Nd3 40. f3
Nd2 41. Rd1 Nxb4 42. cxb4 Nc4 43. Rd8+ Kh7 44. e4 Kg6 45. a5 Ne5 46. f4 Ng4 47.
h3 Ne3 48. a6 Nc4 49. a7 Kh7 50. a8=Q Ne3 51. f5 g6 52. f6 g5 53. g4 Kg6 54. e5
1-0

[Event "POLFINAL MISTRZOSTW POLSKI JUNIOROW 2016 - D11"]
[Site "Centrum Kongresow i Rekreacji Orle Gniazdo ul. Wrzosowa 28a, Szczyrk"]
[Date "1899-12-30"]
[Round "5.6"]
[White "Wichura, Sara"]
[Black "Czerwinska, Oliwia"]
[Result "1-0"]
[WhiteTitle "II"]
[BlackTitle "II+"]
[WhiteElo "1113"]
[BlackElo "1067"]

1. e4 e5 2. Nf3 Nc6 3. Bc4 Bc5 4. d3 Nf6 5. Bg5 d6 6. Nc3 h6 7. Bh4 Be6 8. Nd5
g5 9. Bg3 Bxd5 10. Bxd5 Nxd5 11. exd5 Ne7 12. c4 Nf5 13. a3 a6 14. b4 Ba7 15.
Rc1 Rc8 16. Qe2 Nd4 17. Nxd4 Bxd4 18. f3 Qf6 19. c5 h5 20. Rc4 Kd8 21. Bf2 Bxf2+
22. Kxf2 g4 23. Rhc1 Qh4+ 24. Kg1 dxc5 25. bxc5 gxf3 26. Qxf3 Qe7 27. d6 Qd7 28.
Qf6+ Qe7 29. Qxe7# 1-0

[Event "POLFINAL MISTRZOSTW POLSKI JUNIOROW 2016 - D11"]
[Site "Centrum Kongresow i Rekreacji Orle Gniazdo ul. Wrzosowa 28a, Szczyrk"]
[Date "1899-12-30"]
[Round "5.7"]
[White "Scisla, Oliwia"]
[Black "Bukala, Weronika"]
[Result "0-1"]
[WhiteTitle "I"]
[BlackTitle "II+"]
[WhiteElo "1066"]
[BlackElo "1026"]

1. e4 d5 2. exd5 Qxd5 3. Nc3 Qa5 4. Bc4 Nf6 5. Nf3 Qc5 6. Bb3 Ng4 7. d4 Qf5 8.
h3 Qh5 9. Ne5 e6 10. Qxg4 Qxg4 11. hxg4 f6 12. Ba4+ c6 13. Nf3 Na6 14. Bf4 Bd7
15. O-O-O O-O-O 16. Rhe1 Bb4 17. Bd2 Rhe8 18. g5 c5 19. Bxd7+ Rxd7 20. dxc5 Bxc5
21. Be3 Rc7 22. gxf6 gxf6 23. Ne4 Be7 24. Bxa7 Nb4 25. Nc3 Rc6 26. a3 Na6 27.
Nd4 Rd6 28. Ne4 Rd5 29. Nxe6 Re5 30. Nf4 f5 31. Bd4 Rxe4 32. Rxe4 fxe4 33. Bb6
Bg5 34. g3 Nb8 35. b4 Nd7 36. Be3 Ne5 37. Rd5 Nf3 38. Bb6 Kb8 39. Kb2 Rc8 40.
Ne6 Bf6+ 41. Bd4 Be7 42. Be5+ Nxe5 43. Nd4 Bf6 44. Rd6 Nc4+ 45. Kb3 Nxd6 0-1

[Event "POLFINAL MISTRZOSTW POLSKI JUNIOROW 2016 - D11"]
[Site "Centrum Kongresow i Rekreacji Orle Gniazdo ul. Wrzosowa 28a, Szczyrk"]
[Date "1899-12-30"]
[Round "5.8"]
[White "Grzyb, Anna"]
[Black "Zubrycka, Marta"]
[Result "1-0"]
[WhiteTitle "II"]
[BlackTitle "II"]
[WhiteElo "1053"]
[BlackElo "1108"]

1. d4 Nf6 2. Bg5 h6 3. Bxf6 gxf6 4. Nf3 e6 5. Nc3 Bb4 6. e4 Bxc3+ 7. bxc3 b6 8.
Bd3 Bb7 9. c4 d6 10. d5 e5 11. Nh4 Nd7 12. Qh5 Qe7 13. Nf5 Qf8 14. O-O O-O-O 15.
f4 Re8 16. Rf3 Rh7 17. Raf1 Kb8 18. Rg3 Qh8 19. fxe5 Rxe5 20. Rf4 Nf8 21. Rfg4
Ng6 22. Kf1 Ka8 23. a4 a5 24. Kf2 Ka7 25. c3 Bc8 26. Kf1 Bd7 27. Bc2 Kb8 28. Rf3
Ka7 29. Rf2 Be8 30. Rg3 Bd7 31. Qf3 Qe8 32. Nd4 f5 33. Nb5+ Kb8 34. Qe2 fxe4 35.
Re3 f5 36. g4 Rf7 37. gxf5 Bxf5 38. Nd4 Bh3+ 39. Ke1 Kb7 40. Nc6 Rg5 41. Rxf7
Qxf7 42. Nd8+ Ka7 43. Nxf7 Rg1+ 44. Kd2 Bg4 45. Qf2 Ra1 46. Re1 Ra2 47. Rxe4 Ka6
48. Rxg4 Ne5 49. Nxe5 dxe5 50. Qf8 Kb7 51. Rg8 Ka6 52. Qa8# 1-0

[Event "POLFINAL MISTRZOSTW POLSKI JUNIOROW 2016 - D11"]
[Site "Centrum Kongresow i Rekreacji Orle Gniazdo ul. Wrzosowa 28a, Szczyrk"]
[Date "1899-12-30"]
[Round "6.1"]
[White "Obrochta, Lena"]
[Black "Kulpa, Karolina"]
[Result "1-0"]
[WhiteTitle "II+"]
[BlackTitle "II+"]
[WhiteElo "1149"]
[BlackElo "1148"]

1. e4 c6 2. d4 d5 3. exd5 cxd5 4. Bd3 Nc6 5. c3 Nf6 6. h3 g6 7. Nf3 Bg7 8. O-O
O-O 9. Re1 Bf5 10. Bxf5 gxf5 11. Bf4 Ne4 12. Nbd2 e6 13. Nxe4 dxe4 14. Nd2 Qh4
15. Bh2 h5 16. f3 exf3 17. Nxf3 Qf6 18. Ne5 Qg5 19. Nxc6 bxc6 20. Qf3 Rac8 21.
Bf4 Qg6 22. Bd6 Rfe8 23. Bc5 a6 24. Rad1 f6 25. Rf1 Kh7 26. a4 Bh6 27. Rde1 Rc7
28. Re2 Bg5 29. Bd6 Rcc8 30. Bf4 Kg7 31. b4 Bxf4 32. Qxf4 Rb8 33. Re3 Qf7 34.
Qd6 Rbc8 35. Rfe1 e5 36. dxe5 fxe5 37. Rxe5 Qg8 38. Qd7+ Qf7 39. Qxf7+ Kxf7 40.
Rxf5+ Kg6 41. Rxe8 Rxe8 42. Rc5 Re6 43. Ra5 c5 44. Rxc5 Re1+ 45. Kf2 Ra1 46. Rc6+
1-0

[Event "POLFINAL MISTRZOSTW POLSKI JUNIOROW 2016 - D11"]
[Site "Centrum Kongresow i Rekreacji Orle Gniazdo ul. Wrzosowa 28a, Szczyrk"]
[Date "1899-12-30"]
[Round "6.2"]
[White "Karys, Katarzyna"]
[Black "Szewc, Dobromila"]
[Result "1/2-1/2"]
[WhiteTitle "II"]
[BlackTitle "II"]
[WhiteElo "1099"]
[BlackElo "1116"]

1. e4 e5 2. Nf3 Nc6 3. Bc4 Nf6 4. d3 Bc5 5. Bg5 d6 6. h3 h6 7. Bh4 Qe7 8. Nc3 g5
9. Bg3 Be6 10. Bb3 O-O-O 11. Ba4 Nd4 12. Nxd4 Bxd4 13. Qe2 c6 14. h4 Bg4 15. f3
Bh5 16. hxg5 hxg5 17. Bf2 Bxf3 18. Qf1 Bxf2+ 19. Kxf2 Rxh1 20. Qxh1 Bg4 21. b4
b5 22. Bb3 d5 23. exd5 Qxb4 24. Ne2 Bxe2 25. Kxe2 Qg4+ 26. Kd2 cxd5 27. Qh6 Qxg2+
28. Kc1 Qf1+ 29. Kb2 Qf5 30. a4 b4 31. a5 Rd7 32. a6 Rd6 33. Ra5 Qf4 34. Qf8+
Kc7 35. Rc5+ Rc6 36. Rxc6+ Kxc6 37. Ba4+ Kc7 38. Qc5+ Kb8 39. Qd6+ Kc8 40. Qc6+
Kd8 41. Qa8+ Ke7 42. Qxa7+ Kf8 43. Qc5+ Kg7 44. a7 g4 45. a8=Q g3 46. Qcf8+ Kg6
47. Be8 Qd4+ 48. Kb3 Qc3+ 49. Ka4 Qxc2+ 50. Ka5 Qc7+ 51. Ka6 g2 52. Qb7 Qxb7+
53. Kxb7 g1=Q 54. Qxf7+ Kf5 55. Bd7+ Kf4 56. Qxf6+ Kg3 57. Qxe5+ Kf2 58. Qf4+
Ke2 59. Qxb4 Kxd3 60. Bb5+ Kc2 61. Qa4+ Kd2 62. Qa2+ Kc3 63. Qxd5 1/2-1/2

[Event "POLFINAL MISTRZOSTW POLSKI JUNIOROW 2016 - D11"]
[Site "Centrum Kongresow i Rekreacji Orle Gniazdo ul. Wrzosowa 28a, Szczyrk"]
[Date "1899-12-30"]
[Round "6.3"]
[White "Kieca, Aleksandra"]
[Black "Gaczol, Julia"]
[Result "1/2-1/2"]
[WhiteTitle "II+"]
[BlackTitle "II"]
[WhiteElo "1216"]
[BlackElo "1037"]

1. c4 e5 2. d3 Bb4+ 3. Bd2 Bxd2+ 4. Nxd2 f5 5. g3 d6 6. Bg2 Nc6 7. Ngf3 h6 8. h4
Nf6 9. a3 Bd7 10. b4 Ne7 11. Qc2 Rb8 12. b5 b6 13. Nh2 O-O 14. Qa4 a5 15. Qb3
Kh8 16. a4 Rg8 17. Nhf3 Qf8 18. Qa3 Nh5 19. Nh2 g6 20. Qc1 Kh7 21. Ndf3 f4 22.
g4 Ng7 23. g5 h5 24. Nf1 Ne6 25. N1d2 Nc5 26. Qa3 Nf5 27. Nb3 Nxb3 28. Qxb3 Ng7
29. Nd2 Bf5 30. Be4 Bxe4 31. Nxe4 Ne8 32. O-O-O Qe7 33. f3 Rf8 34. Qc3 Rc8 35.
d4 Rd8 36. dxe5 dxe5 37. Rxd8 Qxd8 38. Qxe5 Rf5 39. Qc3 Qd7 40. Rd1 Qe6 41. Qd3
Rf7 42. Qd5 Qe7 43. Rd3 Kg8 44. Qd8 Qxd8 45. Rxd8 Rf8 46. Rd4 Kh8 47. Nf2 Ng7
48. Nd3 Re8 49. Nxf4 Nf5 50. Rd7 Rg8 51. Ng2 Rc8 52. e4 Nd6 53. e5 Nxc4 54. e6
Nd6 55. e7 Re8 56. Nf4 Kg7 57. Rxc7 Kf7 58. Kc2 Nf5 59. Ng2 Rxe7 60. Rxe7+ Kxe7
61. Kc3 Kd6 62. Kc4 Ne7 63. f4 Nf5 64. Kc3 Kc5 1/2-1/2

[Event "POLFINAL MISTRZOSTW POLSKI JUNIOROW 2016 - D11"]
[Site "Centrum Kongresow i Rekreacji Orle Gniazdo ul. Wrzosowa 28a, Szczyrk"]
[Date "1899-12-30"]
[Round "6.4"]
[White "Laszczuk, Zofia"]
[Black "Reszka, Zofia"]
[Result "0-1"]
[WhiteTitle "II"]
[BlackTitle "I"]
[WhiteElo "1165"]
[BlackElo "1120"]

1. d4 Nf6 2. c4 e6 3. Nf3 Bb4+ 4. Bd2 Qe7 5. a3 Bxd2+ 6. Nbxd2 d6 7. e3 O-O 8.
Bd3 b6 9. O-O Bb7 10. Re1 Nbd7 11. Rc1 c5 12. b4 d5 13. cxd5 exd5 14. bxc5 bxc5
15. dxc5 Nxc5 16. Qe2 Rfd8 17. Nd4 Rac8 18. Rc2 Na4 19. Rxc8 Rxc8 20. Nb5 a6 21.
Nd4 Qxa3 22. Bxa6 Nc3 23. Qd3 Bxa6 24. Qf5 Qe7 25. h3 Nce4 26. Nxe4 Qxe4 27. Qg5
h6 28. Qg3 Bd3 29. Qd6 Qe8 30. Qg3 Qd7 31. Rd1 Bc4 32. Qf3 Ne4 33. Nf5 Qe6 34.
Qg4 Qf6 35. Nxh6+ Qxh6 36. Qxc8+ Kh7 37. Qf5+ Qg6 38. Qf4 Nc3 39. Re1 Ne2+ 40.
Rxe2 Bxe2 41. Kh2 Qf6 42. Qg3 Qe6 43. Qh4+ Kg8 44. Qd8+ Kh7 45. Qh4+ Qh6 46. Qd4
Qg5 47. Qa7 Bf1 48. g3 Qh5 49. Qd7 Qf3 0-1

[Event "POLFINAL MISTRZOSTW POLSKI JUNIOROW 2016 - D11"]
[Site "Centrum Kongresow i Rekreacji Orle Gniazdo ul. Wrzosowa 28a, Szczyrk"]
[Date "1899-12-30"]
[Round "6.5"]
[White "Bukala, Weronika"]
[Black "Wichura, Sara"]
[Result "1-0"]
[WhiteTitle "II+"]
[BlackTitle "II"]
[WhiteElo "1026"]
[BlackElo "1113"]

1. d4 d5 2. c4 e6 3. Nc3 Nf6 4. Bg5 Be7 5. Nf3 h6 6. Bf4 Bd6 7. Be5 Nc6 8. c5 Bxe5
9. dxe5 Nd7 10. e4 dxe4 11. Nxe4 Ndxe5 12. Qxd8+ Kxd8 13. O-O-O Ke7 14. Nd4 Nxd4
15. Rxd4 Nc6 16. Rd2 f5 17. Ng3 b6 18. Bb5 Na5 19. c6 a6 20. Be2 e5 21. Re1 Ra7
22. Bd3 e4 23. f3 Nxc6 24. fxe4 fxe4 25. Bxe4 Na5 26. Nh5 Kf7 27. Bc2 Bg4 28.
Rf2+ Bf5 29. Rxf5+ Kg6 30. Rxa5+ Kf7 31. Rf5+ Kg6 32. Rf8+ Kxh5 33. Re5+ Kg4 34.
Bd1+ Kh4 35. Rf4# 1-0

[Event "POLFINAL MISTRZOSTW POLSKI JUNIOROW 2016 - D11"]
[Site "Centrum Kongresow i Rekreacji Orle Gniazdo ul. Wrzosowa 28a, Szczyrk"]
[Date "1899-12-30"]
[Round "6.6"]
[White "Najdecka, Sandra"]
[Black "Grzyb, Anna"]
[Result "0-1"]
[WhiteTitle "II"]
[BlackTitle "II"]
[WhiteElo "1123"]
[BlackElo "1053"]

1. e4 c5 2. Nf3 Nc6 3. d4 cxd4 4. Nxd4 Nf6 5. Nc3 e5 6. Nb3 Bb4 7. Bg5 h6 8. Bh4
g5 9. Bg3 d5 10. a3 Bxc3+ 11. bxc3 Nxe4 12. Qd3 Bf5 13. Rd1 Nxg3 14. Qxg3 Bxc2
15. Rd2 Bxb3 16. Bb5 Qc7 17. O-O O-O-O 18. Re1 e4 19. Qe3 Qb6 20. Qh3+ Kb8 21.
Bxc6 Qxc6 22. Rb2 Ba4 23. Reb1 b6 24. Qf5 Qe6 25. Qxe6 fxe6 26. Kf1 Rc8 27. Rb4
Bc2 28. Rc1 Rxc3 29. Ke1 Rhc8 30. a4 Bd3 31. Rxc3 Rxc3 32. a5 Kb7 33. Ra4 Rc4
34. Ra1 Rb4 35. Kd2 d4 36. Ra3 Rb2+ 37. Ke1 Re2+ 38. Kd1 Rxf2 39. Ke1 Rxg2 40.
Ra4 e3 41. a6+ Kb8 42. Ra2 Rg1# 0-1

[Event "POLFINAL MISTRZOSTW POLSKI JUNIOROW 2016 - D11"]
[Site "Centrum Kongresow i Rekreacji Orle Gniazdo ul. Wrzosowa 28a, Szczyrk"]
[Date "1899-12-30"]
[Round "6.9"]
[White "Zubrycka, Marta"]
[Black "Cieslak, Emilia"]
[Result "0-1"]
[WhiteTitle "II"]
[BlackTitle "II"]
[WhiteElo "1108"]
[BlackElo "1008"]

1. e4 e5 2. Nf3 Nc6 3. d4 exd4 4. Nxd4 Bc5 5. Be3 Qf6 6. c3 Nge7 7. Bd3 O-O 8.
Bc4 Ne5 9. Bb3 d6 10. h3 Bd7 11. O-O Qg6 12. Kh1 Qxe4 13. Bc2 Qh4 14. f3 Nd5 15.
Bf2 Qh6 16. Nd2 Ne3 17. Bxe3 Qxe3 18. Re1 Qh6 19. b4 Bxd4 20. cxd4 Ng6 21. Ne4
Nf4 22. Nf2 Qh4 23. Qd2 Qg3 24. Rg1 Rfe8 25. Ne4 Qh4 26. Qe1 Qxe1 27. Raxe1 Nd5
28. a3 f5 29. Ng3 Rxe1 30. Rxe1 f4 31. Ne4 Re8 32. Rg1 b6 33. g4 Bc6 34. Bb3 Kf8
35. b5 Bb7 36. Bc2 Nf6 37. Re1 d5 38. g5 Nd7 39. Kg2 dxe4 40. fxe4 h6 41. g6 Re6
42. Kf1 Rxg6 43. d5 Ne5 44. Rc1 Ke7 45. Bb3 Kd6 46. Rc2 Rg3 47. Ba2 Rxh3 48. Rg2
g5 49. a4 f3 50. Rg1 g4 51. Ke1 Rh2 52. Bb3 f2+ 53. Kd2 fxg1=Q+ 54. Kc3 Qg3+ 55.
Kb4 Nd3+ 56. Ka3 Qg2 57. Bc4 Qb2# 0-1

[Event "POLFINAL MISTRZOSTW POLSKI JUNIOROW 2016 - D11"]
[Site "Centrum Kongresow i Rekreacji Orle Gniazdo ul. Wrzosowa 28a, Szczyrk"]
[Date "1899-12-30"]
[Round "7.1"]
[White "Kieca, Aleksandra"]
[Black "Obrochta, Lena"]
[Result "0-1"]
[WhiteTitle "II+"]
[BlackTitle "II+"]
[WhiteElo "1216"]
[BlackElo "1149"]

1. e4 e5 2. Nf3 d6 3. d4 Nd7 4. Bc4 c6 5. Ng5 Nh6 6. O-O Be7 7. Ne6 fxe6 8. Bxh6
Nf6 9. Bxg7 Rg8 10. Bxf6 Bxf6 11. Qh5+ Ke7 12. d5 exd5 13. exd5 c5 14. Nc3 Qf8
15. Qe2 Qg7 16. f3 Bh3 17. Rf2 Qg6 18. Kh1 Bf5 19. Ne4 Rg7 20. Bd3 Bh4 21. g3
Bf6 22. g4 Bxe4 23. Bxe4 Qg5 24. Bf5 h5 25. Rg2 Rh8 26. Rag1 Qf4 27. Qb5 Kd8 28.
Qa5+ b6 29. Qa6 Rc7 30. Qd3 hxg4 31. fxg4 Rg7 32. Qd2 Bg5 33. Qxf4 Bxf4 34. g5
Rxg5 35. Be6 Rxg2 36. Rxg2 Bc1 37. b3 Be3 38. Rg7 Rf8 39. Rxa7 Rf1+ 40. Kg2 Rf2+
41. Kg3 Rxc2 42. h3 Bf4+ 43. Kh4 Rg2 44. Rd7+ Ke8 45. Rxd6 Rxa2 46. Rxb6 Ke7 47.
Bf5 Rd2 48. Re6+ Kf7 49. d6 e4 50. d7 Bc7 51. Rxe4 Kf6 52. Bg4 Kg6 53. Re3 Rg2
54. Rd3 Bd8# 0-1

[Event "POLFINAL MISTRZOSTW POLSKI JUNIOROW 2016 - D11"]
[Site "Centrum Kongresow i Rekreacji Orle Gniazdo ul. Wrzosowa 28a, Szczyrk"]
[Date "1899-12-30"]
[Round "7.2"]
[White "Szewc, Dobromila"]
[Black "Bukala, Weronika"]
[Result "0-1"]
[WhiteTitle "II"]
[BlackTitle "II+"]
[WhiteElo "1116"]
[BlackElo "1026"]

1. e4 c5 2. Nf3 Nc6 3. d4 cxd4 4. Nxd4 Nf6 5. Nc3 e5 6. Ndb5 d6 7. Nd5 Qa5+ 8.
Bd2 Qa4 9. Ndc7+ Kd8 10. Nxa8 Qxe4+ 11. Be3 Nd5 12. Qd3 Qb4+ 13. Nc3 Qxb2 14.
Nxd5 Qxa1+ 15. Qd1 Qxa2 16. Nac7 Be6 17. Bg5+ Kc8 18. Bd3 Bxd5 19. Nxd5 Kb8 20.
Nc3 Qa5 21. Bd2 d5 22. O-O Bb4 23. Nb1 e4 24. Bf4+ Ka8 25. Be2 Qc5 26. Nd2 Nd4
27. Be5 Nxc2 28. Bxg7 Rg8 29. Bh6 e3 30. Nf3 Ba5 31. Qd3 exf2+ 32. Kh1 Rg6 33.
Bf4 Ne1 34. Qd1 Rxg2 35. Bg3 Qe3 36. Qxd5 Nxf3 37. Bxf3 Rg1+ 38. Rxg1 fxg1=R#
0-1

[Event "POLFINAL MISTRZOSTW POLSKI JUNIOROW 2016 - D11"]
[Site "Centrum Kongresow i Rekreacji Orle Gniazdo ul. Wrzosowa 28a, Szczyrk"]
[Date "1899-12-30"]
[Round "7.3"]
[White "Reszka, Zofia"]
[Black "Karys, Katarzyna"]
[Result "1-0"]
[WhiteTitle "I"]
[BlackTitle "II"]
[WhiteElo "1120"]
[BlackElo "1099"]

1. e4 e5 2. Nf3 Nc6 3. d4 exd4 4. Nxd4 Bc5 5. Nb3 Bb6 6. a4 a6 7. a5 Ba7 8. Nc3
d6 9. Be2 Be6 10. O-O Qf6 11. Qe1 Qg6 12. Kh1 Nf6 13. f3 Nb4 14. Qd1 d5 15. Ra4
Nc6 16. exd5 O-O-O 17. Bd3 Bf5 18. Bxf5+ Qxf5 19. Rf4 Qg6 20. Re1 Qh6 21. Rf5
Qg6 22. Rg5 Qh6 23. Rg3 Qh4 24. Rxg7 Nh5 25. Rg4 Qf6 26. Bg5 Qf5 27. Bxd8 Nxd8
28. Qd3 Qd7 29. Nd4 Re8 30. Rxe8 Qxe8 31. Qe4 Qf8 32. Qf5+ Kb8 33. Qxh5 Qe7 34.
Re4 Qc5 35. Qh4 Kc8 36. Qg4+ Kb8 37. Qd7 b5 38. Re8 Qxd4 39. Rxd8+ Kb7 40. Qc6#
1-0